00513nam a22001817a 450000500170000000800410001704000070005804100120006508200250007710000140010224500260011626000430014230000280018536500300021365000280024365000410027170000190031220220629095859.0220629b ||||| |||| 00| 0 eng d cAL aEnglish 223a328.540922bGOPS aS Gopalan aSpeakers of Lok Sabha aNew DelhibLok Sabha Secretariatc1998 av,102 p.bPBc23x16 cm. b₹250.00c₹d₹250.00 aPolitics and government aIndia Parliament Lok Sabha--Speakers aGOPALAN (S) Ed